| 000 | 00772nam a2200217Ii 4500 | ||
|---|---|---|---|
| 003 | JO-AjNU | ||
| 008 | 230605s9999||||xx |||||||||||||| ||und|| | ||
| 017 | _a2000/9/2635 | ||
| 040 |
_aJO-AjNU _bara _erda _cJO-AjNU |
||
| 041 | _aara | ||
| 050 | 1 | 4 | _aJF1358.2000 |
| 100 | 3 |
_a جراد، خليل ابراهيم , _eauthor _935084 |
|
| 245 | 0 | 0 | _aكيف ومتى تكسب الثروة والاصدقاء والصحة ويتحقق النهوض الشامل للفرد والمجتمع والدولة |
| 250 | _aط1 | ||
| 264 | 3 | 1 | _aعمان ، مركز الكتاب الأكاديمي ، 2000 |
| 300 | _a118ص | ||
| 336 |
_atext _btxt _2rdacontent |
||
| 337 |
_aunmediated _bn _2rdamedia |
||
| 338 |
_avolume _bnc _2rdacarrier |
||
| 650 | 4 |
_aادارة عامة _935085 |
|
| 999 |
_aA14449 _c18017 _d18017 |
||